| 000 | 00652cam a2200217 a 4500 | ||
|---|---|---|---|
| 001 | 000008060 | ||
| 005 | 20200929154420.0 | ||
| 008 | 761210s1995 sp 000 f spa d | ||
| 020 | _a8420646571 | ||
| 040 |
_aDO-SdBNP _bspa _cBNPHU |
||
| 082 |
_a863.64 _bA357c |
||
| 100 | 1 |
_aAldecoa, Ignacio, _d1925-1969 _921964 |
|
| 245 | 1 | 3 |
_aEl corazón y otros frutos amargos / _cIgnacio Aldecoa. |
| 260 |
_aMadrid : _bAlianza, _bGrupo Anaya, _c1995. |
||
| 300 |
_a61 p. ; _c15 cm. |
||
| 490 | 1 |
_aAlianza cien _v57 |
|
| 500 | _aLibro de bolsillo | ||
| 650 | 4 |
_aNovela española _91123 |
|
| 650 | 4 |
_aLiteratura española _9632 |
|
| 830 | 0 |
_aAlianza cien ; _n57 _921965 |
|
| 999 |
_c7837 _d7837 |
||